000 00538nam a2200205 a 4500
005 20240910064044.0
008 040217s2000 mx r 000 0 spa d
020 _a9506413088
035 _aUPN01000131948
049 _aCG
050 4 _aHQ806
_bD4.2
100 1 _aDeSalvo, Louise
245 1 0 _aAdulterio /
_cLouise DeSalvo ; tr. Oscar Luis Molina S.
260 _aBuenos Aires :
_bGranica,
_c2000.
300 _a215 p.
440 0 _aEnsayo
534 _pTítulo original:
_tAdultery
650 4 _aAdulterio
_9255
905 _aLibro
999 _c104103
_d104103